000 00383pab a2200157 454500
008 180718b2013 xxu||||| |||| 00| 0 eng d
100 _aKumar, A.K. Shiva
245 _aWhy don't we deliver on our health promises?
260 _c2013
300 _ap.48-64.
362 _a7 Jul
650 _aHealth services
773 _aJournal of Governance
908 _aN
909 _a100908
999 _c100907
_d100907